Batman : heads or tails / written by Brent Sudduth ; illustrated by Mada Design.
Batman races to stop Two-Face and his gang from stealing a shipment of gold coins worth millions of dollars at the docks in Gotham City.
Record details
- ISBN: 9780696239595 (pbk.)
- ISBN: 0696239590 (pbk.)
- Physical Description: 1 v. (unpaged) : color illustrations ; 21 cm.
- Edition: 1st edition
- Publisher: Des Moines, IA : Meredith Books, c2008.
Content descriptions
| General Note: | "Bonus activity! Find 88 hidden pictures!"--Cover. "DC"--P. [4] of cover. "Batman created by Bob Kane." |
Search for related items by subject
| Subject: | Theft > Fiction. Heroes > Fiction. Adventure stories. Batman (Fictitious character). Heroes > Juvenile fiction. Gold theft > Juvenile fiction. |
Available copies
- 1 of 1 copy available at scottsboropl.
Holds
- 0 current holds with 1 total copy.
Show Only Available Copies
| Location | Call Number / Copy Notes | Barcode | Shelving Location | Status | Due Date |
|---|---|---|---|---|---|
| scottsboropl | E DCS | 32269000822448 | Juvenile - Easy | Available | - |
| LDR | 01466cam a2200397Ma 4500 | ||
|---|---|---|---|
| 001 | 130992 | ||
| 003 | CONS | ||
| 005 | 20140703073306.0 | ||
| 008 | 080805s2008 iaua j 000 1 eng d | ||
| 020 | . | ‡a9780696239595 (pbk.) | |
| 020 | . | ‡a0696239590 (pbk.) | |
| 035 | . | ‡a(CPomAG)LMN501526 | |
| 050 | 1 | 4. | ‡aPZ7.S94342 ‡bBh 2008 |
| 082 | 0 | 4. | ‡a[E] ‡222 |
| 082 | 1 | 4. | ‡aE ‡214 |
| 100 | 1 | . | ‡aSudduth, Brent H., ‡d1964- |
| 245 | 1 | 0. | ‡aBatman : ‡bheads or tails / ‡cwritten by Brent Sudduth ; illustrated by Mada Design. |
| 246 | 3 | 0. | ‡aHeads or tails |
| 250 | . | ‡a1st edition | |
| 260 | . | ‡aDes Moines, IA : ‡bMeredith Books, ‡cc2008. | |
| 300 | . | ‡a1 v. (unpaged) : ‡bcolor illustrations ; ‡c21 cm. | |
| 500 | . | ‡a"Bonus activity! Find 88 hidden pictures!"--Cover. | |
| 500 | . | ‡a"DC"--P. [4] of cover. | |
| 500 | . | ‡a"Batman created by Bob Kane." | |
| 520 | . | ‡aBatman races to stop Two-Face and his gang from stealing a shipment of gold coins worth millions of dollars at the docks in Gotham City. | |
| 650 | 0. | ‡aTheft ‡vFiction. | |
| 650 | 1. | ‡aHeroes ‡vFiction. | |
| 650 | 0. | ‡aAdventure stories. | |
| 650 | 0. | ‡aBatman (Fictitious character). | |
| 650 | 0. | ‡aHeroes ‡vJuvenile fiction. | |
| 650 | 0. | ‡aGold theft ‡vJuvenile fiction. | |
| 710 | 2 | . | ‡aMADA Design, Inc. |
| 710 | 2 | . | ‡aDC Comics, Inc. |
| 914 | . | ‡aSCP_ds ‡dLMN_cm | |
| 959 | . | ‡i32269000822448 ‡lBR Bat ‡aJuvenile - Easy ‡tBeginning Reader ‡g18.00 | |
| 852 | . | ‡p32269000822448 ‡jBR Bat ‡gJuvenile - Easy ‡cBeginning Reader ‡y18.00 ‡bSBPL | |
| 901 | . | ‡a130992 ‡bUnknown ‡c130992 ‡tbiblio | |